01141nam a2200193Ia 4500001001000000003001000010008004100020040002500061041001300086100004100099245003600140250001100176260006400187300002800251500026000279501011400539520026000653650003400913L235-7898IT-CnALBA170116s9999||||xx |||||||||||||| ||und|| aIT-CnALBAcIT-CnALBA aITALIANO aCATELLI GIOVANNI BATTISTA, SACERDOTE 0aDISCORSI PER IL MESE DI MARIA.  a1a ed. a COMO, MILANObCAVALLERI EMO EDITORE c1936 [1° Ed.: n.d.] a316 p. (prefazione: 34) aIL SEGNO DELLACROCE. L'ANGELUS. PREGHIERE DEL MATTINO. S. MESSA. LAVORO: DOVERE E MERITORIO. DIVINE ISPIRAZIONI. PAROLA DI DIO. EUCARISTIA. APOSTOLATO: DOVERE E FORME. DELLA SOFFERENZA. MARIA MODELLO. VISITA AL SS. SACRAMENTO. FAMIGLIA CHIESA PARROCCHIA.  aSocietà San Paolo EM - Piazza San Paolo, 14 - 12051 ALBA (CN) (non commercial uses only) ® Copyright 2017 aIL SEGNO DELLACROCE. L'ANGELUS. PREGHIERE DEL MATTINO. S. MESSA. LAVORO: DOVERE E MERITORIO. DIVINE ISPIRAZIONI. PAROLA DI DIO. EUCARISTIA. APOSTOLATO: DOVERE E FORME. DELLA SOFFERENZA. MARIA MODELLO. VISITA AL SS. SACRAMENTO. FAMIGLIA CHIESA PARROCCHIA.  aMARIA SS. ANGELI SANTI DEMONI